000
00348nam a2200145Ia 4500
008
090124s9999 xx 000 0 und d
082
_b
302802
245
_a
अंकुर
250
_a
1
260
_b
वैद्य संगीता
_c
1993
300
_a
142
630
_a
अंकुर
730
_a
अंकुर
942
_c
BOOK
999
_c
192439
_d
192439